| 000 | 00644nam a2200229Ii 4500 | ||
|---|---|---|---|
| 003 | JO-AjNU | ||
| 008 | 230606s9999||||xx |||||||||||||| ||und|| | ||
| 020 | _a333304497 | ||
| 040 |
_aJO-AjNU _beng _erda _cJO-AjNU |
||
| 041 | _aeng | ||
| 050 | 1 | 4 | _aD421.L69 2005 |
| 100 | 3 |
_a Lowe, Norman, _eauthor _93530 |
|
| 245 | 0 | 0 | _a Mastering modern world history |
| 250 | _a4 ed | ||
| 264 | 3 | 1 | _aLondon: Macmillan, 2005 |
| 300 | _a642P | ||
| 336 |
_atext _btxt _2rdacontent |
||
| 337 |
_aunmediated _bn _2rdamedia |
||
| 338 |
_avolume _bnc _2rdacarrier |
||
| 490 | 0 | _aPalgrave master series | |
| 650 | 4 |
_a History, Modern -- 20th century _93531 |
|
| 999 |
_aE1843 _c1843 _d1843 |
||